| 000 | 00330nam a2200109Ia 4500 | ||
|---|---|---|---|
| 008 | 171211s9999 xx 000 0 und d | ||
| 245 | _aDrawing Fashion Accessories | ||
| 245 | _cSteven Thomas Miller | ||
| 260 | _c2012 | ||
| 650 | _xDrawing | ||
| 856 | _uhttp://down.ebook777.com/Drawing%20Fashion%20Accessories-www.ebook777.com.pdf | ||
| 999 |
_c348066 _d348066 |
||